• 首页
  • 本馆介绍
  • 公告通知
  • 最新文献
  • 馆藏检索
  • 电子资源
  • 读者导购
  • 参考咨询
  • 我的图书馆
  • 登录
  • 详细信息显示
  • 放入我的书架
  • 预约/预借图书
  • 作者相关作品
  • 分类相关作品
  • 丛书相关作品
  • 出版社相关作品

书目信息

  • 表格格式
  • 工作单格式
  • 卡片格式
题名:
转轨中国:审视社会公正和平等
    
 
作者: 姚洋 主编
分册:  
出版信息: 北京   中国人民大学出版社  2004
页数: 13,713页
开本: 21cm
丛书名:
单 册:
中图分类: D081 , B82-052
科图分类:
主题词: 平等--研究--中国 , 社会分析--中国 , 伦理学
电子资源:
ISBN: 7-300-05353-X
000 01050nam0 2200289 450
000 01012nam0 2200265 450
000 00945nam0 2200241 450
000 00909oam2 2200229 45
005 20070722180606.31
010    @a7-300-05353-X@dCNY36.00
100    @a20070719d2004 em y0chiy0120 ea
101 0  @achi
102    @aCN@b110000
105    @ay z 000yy
200 1  @a转轨中国:审视社会公正和平等@AZhuan Gui Zhong Guo: Shen Shi She Hui Gong Zheng He Ping Deng@f姚洋主编@FYao Yang Zhu Bian
210    @a北京@c中国人民大学出版社@d2004
215    @a13,713页@d21cm
330    @a本书从“现实”的角度对收入、卫生、教育和就业不平等及社会转型时期的公正问题进行讨论,并从“理论”角度探讨了平等、公正和自由的涵义及如何建立公正社会的问题。
510 1  @aEquity and Social Equality in Transitional China@zeng
606 0  @a平等@x研究@y中国
606 0  @a社会分析@y中国
606 0  @a伦理学
690    @aD081@v4
690    @aB82-052@v3
701  0 @a姚洋@AYao Yang@f(1964~)@4主编
801  0 @aCN@bTAOJIN@c20070722
905    @a10447@dB82-052@e360
    
    转轨中国:审视社会公正和平等/姚洋主编.-北京:中国人民大学出版社,2004
    13,713页;21cm
    
    
    ISBN 7-300-05353-X:CNY36.00
    本书从“现实”的角度对收入、卫生、教育和就业不平等及社会转型时期的公正问题进行讨论,并从“理论”角度探讨了平等、公正和自由的涵义及如何建立公正社会的问题。
●
相关链接 在E读中查询图书 在五车中查询图书 在当当中查询图书 在豆瓣中查询图书


正题名:转轨中国:审视社会公正和平等     索取号:B82-052/360         预约/预借

序号 登录号 条形码 馆藏地/架位号 状态 备注
1 0823222   208232223   第一样本阅览室/ [索取号:B82-052/360] 在馆    
2 0823223   208232232   教育系资料室/ [索取号:B82-052/360] 在馆    
3 0823224   208232241   第一借阅区/ [索取号:B82-052/360] 在馆    
4 0823225   208232250   第一借阅区/ [索取号:B82-052/360] 在馆    
5 0823226   208232269   教育系资料室/ [索取号:B82-052/360] 在馆    
6 0823227   208232278   第一借阅区/ [索取号:B82-052/360] 在馆    
7 0823228   208232287   教育系资料室/ [索取号:B82-052/360] 在馆    
8 0823229   208232296   第一借阅区/ [索取号:B82-052/360] 在馆    
唐山师范学院图书馆 欢迎您!
大连网信软件有限公司© 版权所有